Ładuje się......

Contemporary Sociological Theories

Opis bibliograficzny
1. autor: Sorokin, Pitirim
Format: Printed Book
Język:Undetermined
Wydane: New York: Harper & Row, 1928
Hasła przedmiotowe:
LEADER 00502nam a2200157Ia 4500
008 200110s9999||||xx |||||||||||||| ||und||
080 |a 301  |b SOR-C 
100 |a Sorokin, Pitirim  
245 0 |a Contemporary Sociological Theories 
260 |a New York:  |b Harper & Row,   |c 1928 
300 |a 774 p.  |f HB 
500 |a General 
650 |a Sociological Theories  
942 |c BK 
999 |c 258164  |d 258164 
952 |0 0  |1 0  |4 0  |6 301_000000000000000_SORC  |7 0  |9 274088  |a SOC  |b SOC  |l 0  |o 301 SOR-C  |p SOC996  |r 2020-01-14  |w 2020-01-14  |y BK